000 01772cam a2200277 i 4500
001 22246768
005 20250513122647.0
008 210921s2023 njua b 001 0 eng
010 _a 2021046411
020 _a9780137474646
040 _aDLC
_beng
_erda
_cDLC
_dDLC
042 _apcc
050 0 0 _aHD58.7
_b.R62 2023
100 _aRobbins, Stephen P.
_eauthor.
_920547
245 1 0 _aOrganizational behavior
_c/ Stephen P. Robbins, San Diego State University, Timothy A. Judge, The Ohio State University.
250 _aNineteenth edition.
264 1 _aHoboken, NJ :
_bPearson,
_c2023.
300 _aXXXV, 764 pages :
_billustrations (chiefly color) ;
_c29 cm
500 _aRevised edition of Organizational behavior, [2017]
504 _aIncludes bibliographical references (pages 657-745) and index.
505 _aPART 1: INTRODUCTION — What Is Organizational Behavior? — PART 2: THE INDIVIDUAL — Diversity, Equity, and Inclusion in Organizations — Job Attitudes — Emotions and Moods — Personality and Individual Differences — Perception and Individual Decision Making — Motivation Concepts — Motivation: From Concepts to Applications
520 _aReflecting the most recent research and events within the field of OB, the 19th Edition continues its hallmark focus on clear writing, cutting-edge content, and intuitive pedagogy. There's a reason why Robbins's textbooks have educated millions of students and have been translated into 20 languages: because of a commitment to provide engaging, cutting-edge material that helps you understand and connect with this important field of study.
_cProvided by publisher.
650 0 _aOrganizational behavior
_92566
700 _aJudge, Timothy A
_eauthor.
_920548
942 _2lcc
999 _c4654
_d4654